000 02395nam a2200313 a 4500
003 OSt
005 20260210105413.0
007 cr ||||||a|c|a
008 231205s2019 mx a|||fom||| 001 0 spa d
040 _erda
100 1 _9188404
_aParra Robles, Brenda Estefania
245 1 0 _aIdentificación y patogenecidad de Pestalotiopsis sp. asociado a manchas foliares de fresa en Michoacán /
_cpor Brenda Estefania Parra Robles : director de tesis Ángel Rebollar Alviter.
264 1 _aChapingo, México :
_bEl autor,
_c2019.
300 _a1 recurso en línea (52 páginas):
_bfiguras, cuadros.
336 _2rdacontent
_atexto
_btxt
337 _2rdamedia
_acomputadora
_bc
338 _2rdacarrier
_arecurso en línea
_bcr
502 _bIAEPA
_cParasitología
_d2019.
_gLIC
504 _aIncluye referencias bibliográficas: páginas 40-42.
520 _aLa finalidad de este trabajo fue determinar la patogenicidad de aislamientos de Pestalotiopsis sp. asociado a manchas foliares, tizones y síntomas de marchitez en fresa y arándano en el valle de Zamora, Michoacán. La identificación se realizó en base a las características morfológicas y moleculares. El hongo se identificó como Neopestalotiopsis clavispora para los aislados FREHP, FRCM5, ALR11 y ALR25. Se realizaron pruebas de patogenicidad en maceta y cámara húmeda para el aislamiento FREHP proveniente de manchas foliares en hojas de fresa, así como pruebas de patogenicidad cruzada en arándano. Como último objetivo se evaluaron in vitro ocho fungicidas (Azoxystrobin+ Sham, Fluxapyroxad + piraclostrobina, Boscalid+ pyraclostrobin, Captan, Iprodiona, Cyprodinil + Fludioxonil, Procloraz, Difenoconazol) y un testigo y se tomó como parámetro la inhibición del crecimiento micelial de los hongos. Los fungicidas que tuvieron una inhibición del 100% sobre el crecimiento de N clavispora fueron Difeconazol, Procloraz, Cuprodinil+Fluloxonil, Iprodiona.
650 4 _943203
_aFresa
_xEnfermedades por hongos
650 4 _97293
_aArándano
_xEnfermedades
650 4 _9188405
_aMancha foliar de la fresa
650 4 _9134545
_aMancha foliar del arándano
650 4 _944045
_aFungicidas
_xAnálisis
700 1 _994950
_aRebollar Alviter, Angel
_eDirector de tesis.
856 _uhttp://10.13.5.2/tesis/tl/Parra_Robles_Brenda_Estefania.pdf
_zDESCARGAR PDF
942 _2Clasificación Universidad Autónoma Chapingo
_cTD
999 _c219491
_d219491